MARC details
| 000 -CABECERA |
| campo de control de longitud fija |
00897nam a2200229 a 4500 |
| 001 - NÚMERO DE CONTROL |
| campo de control |
000048102 |
| 003 - IDENTIFICADOR DEL NÚMERO DE CONTROL |
| campo de control |
DO-SdBNP |
| 005 - FECHA Y HORA DE LA ÚLTIMA TRANSACCIÓN |
| campo de control |
20240925092145.0 |
| 008 - DATOS DE LONGITUD FIJA--INFORMACIÓN GENERAL |
| campo de control de longitud fija |
181115s2015 dr ac 000 0 spa d |
| 020 ## - NÚMERO INTERNACIONAL ESTÁNDAR DEL LIBRO |
| Número Internacional Estándar del Libro |
9789945586473 |
| 040 ## - FUENTE DE LA CATALOGACIÓN |
| Centro catalogador/agencia de origen |
DO-SdBNP |
| Lengua de catalogación |
spa |
| Centro/agencia transcriptor |
BNPHU |
| 082 #4 - NÚMERO DE LA CLASIFICACIÓN DECIMAL DEWEY |
| Número de clasificación |
xxxx |
| Número de documento/Ítem |
M828H |
| Número de edición |
22 |
| 245 00 - MENCIÓN DE TÍTULO |
| Título |
Documentos del gobierno Carlos F. Morales Languasco 1903-1906 / |
| Mención de responsabilidad, etc. |
compilador ; Alfredo Rafael Hernéndez Figueroa ; diagramación Guillermina Cruz. |
| 260 ## - PUBLICACIÓN, DISTRIBUCIÓN, ETC. |
| Lugar de publicación, distribución, etc. |
Santo Domingo : |
| Nombre del editor, distribuidor, etc. |
Archivo General de la Nación, |
| Fecha de publicación, distribución, etc. |
2015. |
| 300 ## - DESCRIPCIÓN FÍSICA |
| Extensión |
400 p. : |
| Otras características físicas |
il., retrs. ; |
| Dimensiones |
27 cm. |
| 490 0# - MENCIÓN DE SERIE |
| Mención de serie |
Archivo General de la Nación |
| -- |
Presidentes dominicanos |
| Designación de volumen o secuencia |
253 |
| 500 ## - NOTA GENERAL |
| Nota general |
Incluye datos del compilador en la solapa de la cubierta |
| 590 ## - NOTA LOCAL (RLIN) |
| Nota local |
Inventariado, 2018/LP |
| 700 1# - PUNTO DE ACCESO ADICIONAL--NOMBRE DE PERSONA |
| Nombre de persona |
Hernández Figueroa, Alfredo Rafael, |
| Término indicativo de función/relación |
comp. |
| 9 (RLIN) |
6902 |
| 700 1# - PUNTO DE ACCESO ADICIONAL--NOMBRE DE PERSONA |
| Nombre de persona |
Cruz, Guillermina, |
| Término indicativo de función/relación |
diagramación |
| 9 (RLIN) |
24030 |
| 942 ## - ELEMENTOS DE PUNTO DE ACCESO ADICIONAL (KOHA) |
| Fuente del sistema de clasificación o colocación |
Dewey Decimal Classification |
| Tipo de ítem Koha |
Libro |